000 00967 a2200229 4500
003 Nust
005 20170207152512.0
010 _a 2004057410
020 _a1580536816 (alk. paper)
040 _cNust
082 0 0 _a621.38485
100 1 _aBarton, David Knox,
245 1 0 _aRadar system analysis and modeling /
_cDavid K. Barton.
260 _aBoston, MA :
_bArtech House,
_cc2004.
300 _a545 p. :
_bill. ;
_c24 cm. +
_e1 CD-ROM (4 3/4 in.)
440 4 _aThe Artech House radar library
505 _aThe Radar Range Equation (Page-1), The Theory of Targer Detection (Page-39), Targets and Interference (Page-85),Radar Antennas (Page-135), Waveforms and Signal Processing (Page-195),Radar Propagation (Page-267), Radar Surveillance (Page-311), radar Tracking and Measurment (Page-383)The Radar Loss Budget (Page-471),,
538 _aAlmirah No.27 Shelf No.2
650 0 _aRadar
_xMathematical models.
650 0 _aRadar.
700 1 _aBarton, David Knox,
_d1927-
942 _cREF
999 _c175864
_d175864